Operations research methods
The book consists of eight chapters as detailed in the contnets. The short opening chapter describes the nature of operations research prob-lems in generals terms. The second chapter on linear Programming (there is increasing evidence in mathematical circles to prefer the term"opti-misation&quo...
Salvato in:
| Autore principale: | |
|---|---|
| Natura: | Libro |
| Lingua: | Undetermined |
| Pubblicazione: |
Harrow, U.k.
ALpha Science
2005
|
| Soggetti: | |
| Tags: |
Aggiungi Tag
Nessun Tag, puoi essere il primo ad aggiungerne! !
|
| Thư viện lưu trữ: | Trung tâm Học liệu Trường Đại học Cần Thơ |
|---|
| LEADER | 00991nam a2200205Ia 4500 | ||
|---|---|---|---|
| 001 | CTU_133614 | ||
| 008 | 210402s9999 xx 000 0 und d | ||
| 020 | |c 853000 | ||
| 082 | |a 001.424 | ||
| 082 | |b B743 | ||
| 100 | |a Bose, Sujit K. | ||
| 245 | 0 | |a Operations research methods | |
| 245 | 0 | |c Sujit K. Bose | |
| 260 | |a Harrow, U.k. | ||
| 260 | |b ALpha Science | ||
| 260 | |c 2005 | ||
| 520 | |a The book consists of eight chapters as detailed in the contnets. The short opening chapter describes the nature of operations research prob-lems in generals terms. The second chapter on linear Programming (there is increasing evidence in mathematical circles to prefer the term"opti-misation" instead of the historic " programming" is lengthy in view of the issues involved. The remaining five chapters on transportation and Assignment, Networks, Integer and Dynamic programming | ||
| 650 | |a operations research | ||
| 904 | |i Năm | ||
| 980 | |a Trung tâm Học liệu Trường Đại học Cần Thơ | ||